Engineering in Rocks for Slopes Foundations and Tunnels (Record no. 546323)
[ view plain ]
| 000 -LEADER | |
|---|---|
| fixed length control field | 00496nam a22001577a 4500 |
| 020 ## - INTERNATIONAL STANDARD BOOK NUMBER | |
| International Standard Book Number | 9788120332751 |
| 082 ## - DEWEY DECIMAL CLASSIFICATION NUMBER | |
| Classification number | 624.1513 |
| Author Mark | RAM |
| -- | MCE-40, P-81, N-2,P-99 |
| 100 ## - MAIN ENTRY--PERSONAL NAME | |
| Personal name | Ramamurthy, T |
| 9 (RLIN) | 42432 |
| 245 ## - TITLE STATEMENT | |
| Title | Engineering in Rocks for Slopes Foundations and Tunnels |
| 260 ## - PUBLICATION, DISTRIBUTION, ETC. | |
| Place of publication, distribution, etc. | New Delhi, |
| Name of publisher, distributor, etc. | Prentice Hall, |
| Date of publication, distribution, etc. | 2007. |
| 300 ## - PHYSICAL DESCRIPTION | |
| Extent | xx, 731 p. |
| Other physical details | ill. |
| 526 ## - STUDY PROGRAM INFORMATION NOTE | |
| Program name | 0 |
| Interest level | 0 |
| Reading level | 0 |
| Title point value | 624_151300000000000_RAM |
| 526 ## - STUDY PROGRAM INFORMATION NOTE | |
| Program name | 0 |
| Interest level | 0 |
| Reading level | 0 |
| Title point value | 624_151300000000000_RAM |
| 650 ## - SUBJECT ADDED ENTRY--TOPICAL TERM | |
| Topical term or geographic name entry element | Rock Engineering |
| 9 (RLIN) | 42433 |
| 942 ## - ADDED ENTRY ELEMENTS (KOHA) | |
| Source of classification or shelving scheme | |
| Koha item type | Book |
| Withdrawn status | Lost status | Source of classification or shelving scheme | Damaged status | Not for loan | Permanent Location | Current Location | Date acquired | Total Checkouts | Full call number | Barcode | Date last seen | Price effective from | Koha item type |
|---|---|---|---|---|---|---|---|---|---|---|---|---|---|
| Military College of Engineering (MCE) | Military College of Engineering (MCE) | 06/09/2014 | 624.1513 RAM | MCE-39221 | 03/14/2021 | 03/14/2021 | Book | ||||||
| Military College of Engineering (MCE) | Military College of Engineering (MCE) | 11/20/2020 | 624.1513 RAM | MCE-51101 | 11/20/2020 | 11/20/2020 | Book |
